000 01270nam a22002297a 4500
005 20100811145546.0
010 _aB-454493-495
020 _a9780143066910
_c299.00
035 _aB-454493-495
037 _bBlue Berry Books
100 _aNevile,Pran
_943353
245 _aSahibs' India :
_cby Pran Nevile
_bvignettes from the raj /
260 _aNew Delhi
_bPenguin Books
_c2010
270 _a11 Community Centre,Panchsheel Park,
_bNew Delhi
_e110017
300 _a243p.
_c20cm (pbk)
_bill
500 _aIncludes bibliographical references
942 _2ddc
_cEN
_mNEV
_k954.08
999 _c63332
_d63332